Dobové fotky odkrývajú počiatok špitálu východniarov pacientov opatrovali mníšky, pýchou boli operačky

Bibliographic Details
Main Author: Gécziová, Katarína (Author)
Format: Article
Language:Slovak
PhysicalDescription:Fotogr.
ISSN:1338-659X
Subjects:
Online Access:http://kosice.korzar.sme.sk/c/7417048/v-obrazoch-dobove-fotografie-odkryvaju-historiu-nemocnice-vychodniarov.html

MARC

LEADER 00000nab a2200000 a 4500
001 vtls010629308
003 SK-MaSNL
005 20260303210803.0
008 171108c20141003xo drz 0 0slo
038 |a KEVKJB 
040 |a KEVKJB  |b slo  |c KEVKJB  |e AACR2 
041 0 |a slo 
044 |a xo  |c SK 
080 |a 614.2  |2 2001 
100 1 |a Gécziová, Katarína  |4 aut  |9 1031787 
245 1 0 |a Dobové fotky odkrývajú počiatok špitálu východniarov  |b pacientov opatrovali mníšky, pýchou boli operačky  |c Katarína Gécziová 
300 |b Fotogr. 
610 2 7 |a Univerzitná nemocnica L. Pasteura Košice  |2 kevkjb  |9 155401 
651 7 |a dobové fotografie  |z Košice (Slovensko)  |2 kevkjb  |9 1087720 
651 7 |a Košice (Slovensko)  |2 kevkjb  |9 18694 
655 7 |a reportáže  |2 kevkjb  |9 28856 
773 0 |t Korzár : denník Košického kraja  |g Roč. XVII., č. 227 (3.10.2014)  |x 1338-659X 
773 0 8 |i Príl.:  |t Pohoda  |g S. 6 
852 |a KEVKJB  |b KIS3GCP 
856 4 1 |u http://kosice.korzar.sme.sk/c/7417048/v-obrazoch-dobove-fotografie-odkryvaju-historiu-nemocnice-vychodniarov.html 
999 |c 2201698  |d 2203628